Heaven on Earth: (Record no. 69097)

MARC details
000 -LEADER
fixed length control field 00910nam a22002177a 4500
005 - DATE AND TIME OF LATEST TRANSACTION
control field 20120817120945.0
010 ## - LCCN (DPL NO)
LC control number B-460784
020 ## - INTERNATIONAL STANDARD BOOK NUMBER
International Standard Book Number 9788189738365
Terms of availability 2995.00
035 ## - SYSTEM CONTROL NUMBER
System control number B-460784
037 ## - SOURCE OF ACQUISITION
Stock number dpl
Source of stock number/acquisition Virtuous Pub/Ven
082 ## - DEWEY DECIMAL CLASSIFICATION NUMBER
Classification number 230.8
100 ## - MAIN ENTRY--PERSONAL NAME
Personal name Seth, Pepita
245 ## - TITLE STATEMENT
Title Heaven on Earth:
Remainder of title the universe of Keralas Guruvayur temple/
Statement of responsibility, etc by Pepita Seth
260 ## - PUBLICATION, DISTRIBUTION, ETC. (IMPRINT)
Place of publication, distribution, etc New Delhi
Name of publisher, distributor, etc Niyogi Books
Date of publication, distribution, etc 2009
270 ## - ADDRESS
Address D-78, Okhla Industrial Area,Phase-I
City New Delhi
Postal code 110020
300 ## - PHYSICAL DESCRIPTION
Extent 316p.
Other physical details col.
Dimensions 25 cm.
500 ## - GENERAL NOTE
General note it includes glossary
942 ## - ADDED ENTRY ELEMENTS (KOHA)
Source of classification or shelving scheme Dewey Decimal Classification
Item type English Books
Call number suffix SET
Classification part 230.8
Holdings
Withdrawn status Lost status Not for loan Collection code Home library Current library Date acquired Source of acquisition Cost, normal purchase price Full call number Barcode Copy number Cost, replacement price Koha item type
    Not For Loan Reference Central Library Central Library 23/08/2012 Virtuous Pub/IN935/04.02.2012/28/18.01.2012/10.02.2012 2995.00 230.8 SET B-460784 1 2995.00 English Books

© Delhi Public Library
Hit Counter
free hit counter